| 000 -LEADER |
| fixed length control field |
01500 a2200313 4500 |
| 003 - CONTROL NUMBER IDENTIFIER |
| control field |
Nust |
| 005 - DATE AND TIME OF LATEST TRANSACTION |
| control field |
20170207154044.0 |
| 010 ## - LIBRARY OF CONGRESS CONTROL NUMBER |
| LC control number |
2008007637 |
| 020 ## - INTERNATIONAL STANDARD BOOK NUMBER |
| International Standard Book Number |
0470059281 (cloth/cd) |
| 020 ## - INTERNATIONAL STANDARD BOOK NUMBER |
| International Standard Book Number |
9780470059289 (cloth/cd) |
| 035 ## - SYSTEM CONTROL NUMBER |
| System control number |
(OCoLC)191753033 |
| 035 ## - SYSTEM CONTROL NUMBER |
| System control number |
(OCoLC)ocn191753033 |
| 040 ## - CATALOGING SOURCE |
| Transcribing agency |
Nust |
| 082 00 - DEWEY DECIMAL CLASSIFICATION NUMBER |
| Classification number |
332.6 |
| 100 1# - MAIN ENTRY--PERSONAL NAME |
| Personal name |
Bacon, Carl R. |
| 245 10 - TITLE STATEMENT |
| Title |
Practical portfolio performance :measurement and attribution -(E-BOOK) |
| Statement of responsibility, etc. |
Carl R Bacon. |
| Medium |
332.6 |
| 250 ## - EDITION STATEMENT |
| Edition statement |
2nd ed. |
| 260 ## - PUBLICATION, DISTRIBUTION, ETC. |
| Place of publication, distribution, etc. |
Chichester, England ; |
| -- |
Hoboken, NJ : |
| Name of publisher, distributor, etc. |
Wiley, |
| Date of publication, distribution, etc. |
c2008. |
| 300 ## - PHYSICAL DESCRIPTION |
| Extent |
xiv, 384 p. : |
| Other physical details |
ill. ; |
| Dimensions |
26 cm. + |
| Accompanying material |
1 CD-ROM |
| 490 1# - SERIES STATEMENT |
| Series statement |
Wiley finance |
| 505 ## - FORMATTED CONTENTS NOTE |
| Formatted contents note |
Introduction (Page-1),The Mathematics of Portfolio Return (Page-5),Benchmarks (Page-39),Risk (Page-61),Performance Attribution (Page-117),Multi-currency Attribution (Page-135),Fixed Income Attribution (Page-171),Multi-period Attribution (Page-191),Further Attribution Issues (Page-209), Performance Measurement for Derivatives (Page-227),Performance Presentation Standards (Page-247). |
| 650 #0 - SUBJECT ADDED ENTRY--TOPICAL TERM |
| Topical term or geographic name entry element |
Investment analysis. |
| 650 #0 - SUBJECT ADDED ENTRY--TOPICAL TERM |
| Topical term or geographic name entry element |
Portfolio management. |
| 651 ## - SUBJECT ADDED ENTRY--GEOGRAPHIC NAME |
| Geographic name |
E-BOOK |
| 830 #0 - SERIES ADDED ENTRY--UNIFORM TITLE |
| Uniform title |
Wiley finance series. |
| 856 42 - ELECTRONIC LOCATION AND ACCESS |
| Materials specified |
Contributor biographical information |
| Uniform Resource Identifier |
<a href="http://www.loc.gov/catdir/enhancements/fy0828/2008007637-b.html">http://www.loc.gov/catdir/enhancements/fy0828/2008007637-b.html</a> |
| 856 42 - ELECTRONIC LOCATION AND ACCESS |
| Materials specified |
Publisher description |
| Uniform Resource Identifier |
<a href="http://www.loc.gov/catdir/enhancements/fy0827/2008007637-d.html">http://www.loc.gov/catdir/enhancements/fy0827/2008007637-d.html</a> |
| 856 42 - ELECTRONIC LOCATION AND ACCESS |
| Materials specified |
Table of contents only |
| Uniform Resource Identifier |
<a href="http://www.loc.gov/catdir/enhancements/fy0827/2008007637-t.html">http://www.loc.gov/catdir/enhancements/fy0827/2008007637-t.html</a> |
| 942 ## - ADDED ENTRY ELEMENTS (KOHA) |
| Source of classification or shelving scheme |
|
| Koha item type |
Book |